Normal view
MARC view
Entry Personal Name
001 - CONTROL NUMBER
- control field: 97800
003 - CONTROL NUMBER IDENTIFIER
- control field: OSt
005 - DATE AND TIME OF LATEST TRANSACTION
- control field: 20220918201247.0
008 - FIXED-LENGTH DATA ELEMENTS
- fixed length control field: 220918|| aca||aabn | a|a d
040 ## - CATALOGING SOURCE
- Original cataloging agency: OSt
- Transcribing agency: OSt
100 ## - HEADING--PERSONAL NAME
- Personal name: Kirkpatrick Jeane J. Ed
670 ## - SOURCE DATA FOUND
- Source citation: Work cat.: (OSt)216374: Kirkpatrick Jeane J. Ed, Strategy of deception , 1963
